000 00360nam a2200157Ia 4500
005 20250423095946.0
008 250422s9999 xx 000 0 und d
020 _a3- 596- 11071- 8
050 _aPQ4863.A69375F43
100 _aLara Cardella
245 0 _aLaura
260 _bFischer Taschenbuch verlag
260 _c1992
300 _a124 p
942 _cBK
999 _c31856
_d31856